000 00483nam a2200193Ia 4500
003 GCL
005 20240530110923.0
008 140319s1969 fr f 000 0 eng d
040 _aGCL /
_cGCL
082 0 4 _a759/
_bV T
100 1 _aVaisse, Pierre
245 1 3 _aDURER
_cPierre Vaisse
260 _aFrance :
_bFlammarion،
_c1969.
300 _a120 P:
_bill ;
_c30 cm.
650 0 4 _aPAINTING
650 0 4 _a PAINTING
_xHISTORY
650 0 4 _aPAINTING
_xTECHNIQUE
942 _2ddc
_cBK
999 _c66522
_d66522